| 000 | 00768nam a2200229 i 4500 | ||
|---|---|---|---|
| 001 | 19448 | ||
| 003 | ES-MaACL | ||
| 005 | 20250514194755.0 | ||
| 007 | t| | ||
| 008 | 020828s2001 sp ||||1| spa d | ||
| 020 | _a84-95110-23-7 | ||
| 080 | _a821.134.2-14"19" | ||
| 100 | 1 |
_aLópez Gorgé, Jacinto, _d1925-2008 _973685 |
|
| 245 | 1 | 0 |
_aSonetos de media vida / _cJacinto López Gorgé. |
| 260 |
_aMelilla : _bCiudad Autónoma de Melilla, Consejería de Cultura, _c[2001] |
||
| 300 |
_a87 p. ; _c24 cm. |
||
| 490 | 1 |
_aTextos mediterráneos ; _v11 |
|
| 710 | 1 |
_aMelilla (Ciudad Autónoma). _bConsejería de Cultura. _95681 |
|
| 830 | 0 |
_aTextos mediterráneos ; _v11 _9228889 |
|
| 852 |
_aES-MaACL _jL-25882 _bR.131776 |
||
| 999 |
_c19448 _d19448 |
||